Evaluacion de residuos de ciertos farmacos de uso veterinario en los alimentos. (Registro nro. 1856)
[ vista simple ]
| 000 -LEADER | |
|---|---|
| fixed length control field | 00975nam a2200265 a 4500 |
| 003 - CONTROL NUMBER IDENTIFIER | |
| control field | OSt |
| 005 - FECHA ULTIMA MODIFICACION | |
| control field | 20131022152516.0 |
| 008 - FIXED-LENGTH DATA ELEMENTS--GENERAL INFORMATION | |
| fixed length control field | 131022s2000 sz ||||| |||| 00| 0 spa d |
| 020 ## - INTERNATIONAL STANDARD BOOK NUMBER | |
| International Standard Book Number | 92-4-320889-6 |
| 040 ## - CATALOGING SOURCE | |
| Transcribing agency | Biblioteca Medicina |
| 041 ## - LANGUAGE CODE | |
| Language code of text/sound track or separate title | spa |
| 082 ## - DEWEY DECIMAL CLASSIFICATION NUMBER | |
| Item number | OMS IT 889 |
| 110 ## - MAIN ENTRY--CORPORATE NAME | |
| Corporate name or jurisdiction name as entry element | Organizacion Mundial de la Salud |
| 9 (RLIN) | 1006 |
| 245 00 - TITLE STATEMENT | |
| Title | Evaluacion de residuos de ciertos farmacos de uso veterinario en los alimentos. |
| Remainder of title | 50º Informe del Comite Mixto FAO/OMS de Expertos en Aditivos Alimentarios |
| 250 ## - EDITION STATEMENT | |
| Edition statement | 1º ed. |
| 260 ## - PUBLICATION, DISTRIBUTION, ETC. (IMPRINT) | |
| Place of publication, distribution, etc | Ginebra |
| Name of publisher, distributor, etc | Organizacion Mundial de la Salud |
| Date of publication, distribution, etc | 2000 |
| 300 ## - PHYSICAL DESCRIPTION | |
| Extent | 109 p. |
| 440 00 - SERIES STATEMENT/ADDED ENTRY--TITLE | |
| Title | Informes Tecnicos |
| Number of part/section of a work | 888 |
| 9 (RLIN) | 2775 |
| 653 ## - INDEX TERM--UNCONTROLLED | |
| Uncontrolled term | RESIDUOS DE MEDICAMENTOS-ANALISIS |
| 653 ## - INDEX TERM--UNCONTROLLED | |
| Uncontrolled term | RESIDUOS DE MEDICAMENTOS-TOXICIDAD |
| 653 ## - INDEX TERM--UNCONTROLLED | |
| Uncontrolled term | DROGAS VETERINARIAS-TOXICIDAD |
| 653 ## - INDEX TERM--UNCONTROLLED | |
| Uncontrolled term | LIMITES PERMISIBLES-NORMAS |
| 942 ## - ADDED ENTRY ELEMENTS (KOHA) | |
| Source of classification or shelving scheme | Dewey Decimal Classification |
| Koha item type | Hemeroteca |
| Withdrawn status | Lost status | Fuente de clasificación | Damaged status | Not for loan | Colección | Ubicación permanente | Ubicación actual | Sala de ubicación | Fecha de adquisición | Total Checkouts | Número de clasificación | Código de barras | Date last seen | Número de ejemplar | Price effective from | Koha tipo de elemento (item) |
|---|---|---|---|---|---|---|---|---|---|---|---|---|---|---|---|---|
| Dewey Decimal Classification | Non-fiction | Biblioteca Medicina | Biblioteca Medicina | Circulación | 22/10/2013 | OMS IT 889 | H0105 | 06/11/2014 | Ej. 1 | 22/10/2013 | Hemeroteca |